| 000 | 00934cam a22002775i 4500 | ||
|---|---|---|---|
| 999 |
_c2544 _d2544 |
||
| 003 | EG-ScBUE | ||
| 005 | 20200825111710.0 | ||
| 008 | 100428s2006 flua f b 001 0 eng d | ||
| 020 | _a9780849330438 | ||
| 020 | _a0849330432 | ||
| 040 |
_aEG-ScBUE _beng _erda _cEG-ScBUE _dEG-ScBUE |
||
| 082 | 0 | 4 |
_a553.282 _bDAN _222 |
| 100 | 1 |
_aDandekar, Abhijit Y., _eauthor. _913735 |
|
| 245 | 1 |
_aPetroleum reservoir rock and fluid properties / _cAbhijit Y. Dandekar. |
|
| 264 | 1 |
_aBoca Raton, Florida : _bCRC Press / Taylor & Francis, _c2006. |
|
| 300 |
_a460 pages : _billustrations ; _c25 cm |
||
| 336 |
_atext _btxt _2rdacontent |
||
| 337 |
_aunmediated _bn _2rdamedia |
||
| 338 |
_avolume _bnc _2rdacarrier |
||
| 504 | _aIncludes bibliographical references and indexes. | ||
| 650 | 7 |
_aPetroleum reserves _2BUEsh _913736 |
|
| 650 | 7 |
_aPetroleum engineering. _2BUEsh _913738 |
|
| 651 | _2BUEsh | ||
| 653 |
_bENGPET _cAugust2020 |
||
| 942 |
_cBB _2ddc |
||